Derecho consuetudinario y economía popular de España / (Record no. 176975)

MARC details
000 -LEADER
campo de control de longitud fija 00791nam a2200217 i 4500
001 - NÚMERO DE CONTROL
campo de control 176975
003 - IDENTIFICADOR DE NÚMERO DE CONTROL
campo de control ES-MaACL
005 - FECHA Y HORA DE LA ÚLTIMA TRANSACCIÓN
campo de control 20250827021539.0
008 - DATOS DE LONGITUD FIJA--INFORMACIÓN GENERAL
campo de control de longitud fija 110222s1981 sp |||| | spa d
020 ## - NÚMERO INTERNACIONAL ESTÁNDAR DEL LIBRO
Número Internacional Estándar del Libro 84-85303-61-X
100 1# - ENTRADA PRINCIPAL--NOMBRE DE PERSONA
Nombre de persona Costa, Joaquín,
Fechas asociadas al nombre 1846-1911
9 (RLIN) 41054
245 10 - MENCIÓN DEL TÍTULO
Título Derecho consuetudinario y economía popular de España /
Mención de responsabilidad, etc. Joaquín Costa ; introducción de Lorenzo Martín-Retortillo.
260 ## - PUBLICACIÓN, DISTRIBUCIÓN, ETC.
Lugar de publicación, distribución, etc. Zaragoza :
Nombre del editor, distribuidor, etc. Guara,
Fecha de publicación, distribución, etc. 1981.
300 ## - DESCRIPCIÓN FÍSICA
Extensión 2 v.(414 ; 461 p.) ;
Dimensiones 21 cm.
490 1# - MENCIÓN DE SERIE
Mención de serie Obras de Joaquín Costa ;
Designación de volumen o secuencia 2-3
650 #7 - PUNTO DE ACCESO ADICIONAL DE MATERIA--TÉRMINO DE MATERIA
Término de materia o nombre geográfico como elemento de entrada Derecho consuetudinario
Fuente del encabezamiento o término embne
9 (RLIN) 145293
700 1# - ENTRADA AGREGADA--NOMBRE PERSONAL
Nombre de persona Martín-Retortillo Baquer, Lorenzo,
Fechas asociadas al nombre 1936-
9 (RLIN) 77628
830 1# - PUNTO DE ACCESO ADICIONAL DE SERIE-TÍTULO UNIFORME
Título uniforme Obras de Joaquín Costa
Designación de volumen o secuencia 2-3
9 (RLIN) 190320
852 ## - LOCALIZACIÓN
Ubicación ES-MaACL
Número de control de estantería P-1276(2-3)
Holdings
Estatus retirado Estado de pérdida Estado de daño No para préstamo Biblioteca de origen Biblioteca actual Ubicación en estantería Fecha de adquisición Fuente de adquisición Total de préstamos Signatura topográfica completa Código de barras Visto por última vez Precio de reemplazo Tipo de ítem Koha
        Biblioteca del Ateneo de Madrid Biblioteca del Ateneo de Madrid Depósito 2 22/02/2011     P-1276(2-3) 1185876 23/02/2023 23/02/2023 Libro impreso